Score 0/50 Timer 07:00
0 Plays Today
% Correct
FIRES
86%
WORTH
85.7%
STORY
83.1%
ROOTS
78.1%
SHEAR
78.1%
COATS
77.6%
COINS
74.6%
STEAK
74.6%
STAKE
70.1%
SHARE
69.4%
THROW
66.6%
TASTE
63.3%
HEARS
62.9%
SONIC
59.2%
SKATE
59.2%
TAKES
58.2%
TACOS
57.7%
STATE
56%
ROOST
55.4%
COAST
55.3%
TEATS
53.3%
FRIES
52.3%
HARES
51%
PRATE
49.8%
TEAKS
49.2%
% Correct
TATES
45.2%
TOROS
38.5%
TAPER
36.7%
WROTH
33.1%
ASCOT
32.3%
PATER
30.5%
ICONS
29.7%
TESTA
29.1%
COSTA
28%
ROTOS
27.7%
PEART
27.6%
SCION
24.5%
TROYS
23.2%
WHORT
21.1%
ROWTH
18.8%
TORSO
18.5%
SERIF
18.2%
STROY
16.3%
TYROS
12.3%
APTER
11.5%
CIONS
10.3%
RHEAS
10.3%
FRISE
10.1%
REIFS
9.1%
RYOTS
2.6%
Remove Ads.
Support Sporcle.
Get the best of Sporcle when you Go Orange. This ad-free experience offers more features, more stats, and more fun while also helping to support Sporcle. Thank you for becoming a member.

You're not logged in!

Compare scores with friends on all Sporcle quizzes.
OR
Log In

Show Comments

Extras

Top Quizzes Today


Score Distribution

Your Account Isn't Verified!

In order to create a playlist on Sporcle, you need to verify the email address you used during registration. Go to your Sporcle Settings to finish the process.

Report this User

Report this user for behavior that violates our Community Guidelines.

Details: